AH International Schools' Libraries

My younger sibling (KHMER) / (Record no. 48890)

MARC details
000 -LEADER
fixed length control field 00271nam a2200097 4500
100 ## - MAIN ENTRY--PERSONAL NAME
Personal name Chem, Sakdeyrolet
9 (RLIN) 86283
245 ## - TITLE STATEMENT
Title My younger sibling (KHMER) /
Statement of responsibility, etc Sakdeyrolet Chem
260 ## - PUBLICATION, DISTRIBUTION, ETC. (IMPRINT)
Place of publication, distribution, etc Cambodia
Name of publisher, distributor, etc PDH Bookshop
Date of publication, distribution, etc 2024
300 ## - PHYSICAL DESCRIPTION
Extent 16 p.
Other physical details col. ill.
Dimensions 27 cm.
942 ## - ADDED ENTRY ELEMENTS (KOHA)
Source of classification or shelving scheme
Koha item type Book
Holdings
Withdrawn status Lost status Source of classification or shelving scheme Damaged status Not for loan Collection code Home library Current library Date acquired Total Checkouts Full call number Barcode Date last seen Date checked out Price effective from Koha item type
          Siem Riep Asian Hope Primary Library Asian Hope Primary Library 05/05/2025 9 KHMER E CHE 207854 03/05/2026 02/26/2026 05/05/2025 Book

For any Logos Library related questions please contact Miss Art at swongnarasuk@asianhope.org.

For any Asian Hope Library related questions please contact Miss Raza at graza@asianhope.org.

Click here to explore our ebooks!

Powered by Koha